Automata theory : an engineering approach /

Guardado en:
Autor Principal: Aleksander, Igor.
Otros Autores: Hanna, F. K.
Formato: Libro
Idioma:English
Publicado: New York : London : Crane Russak ; Edward Arnold, 1976, c1975.
Series:Computer systems engineering series
Materias:
Etiquetas: Agregar Etiqueta
Sin Etiquetas, Sea el primero en etiquetar este registro!
LEADER 00763cam a2200229 a 4500
001 MAT.inmabb002747
008 760112t19761975nyua#####b####001#0#eng##
005 20170504120336.0
245 1 0 |a Automata theory :  |b an engineering approach /  |c Igor Aleksander, F. Keith Hanna. 
260 |a New York :  |b Crane Russak ;  |a London :  |b Edward Arnold,  |c 1976, c1975. 
300 |a xi, 172 p. :  |b il. ;  |c 24 cm. 
490 0 |a Computer systems engineering series 
504 |a Incluye referencias bibliográficas e índice. 
510 4 |a MR,  |c 53 #15532 
020 |a 0844806579 
100 1 |a Aleksander, Igor. 
700 1 |a Hanna, F. K. 
650 0 |a Machine theory. 
084 |a 94-01  |2 MR 
010 |a  74032509  
040 |a DLC  |c DLC  |d DLC 
859 |h 94  |i Al366  |p A-5198  |b BIB. MATEMATICA